000 00437nam a2200181Ia 4500
001 22398
005 20260414150828.0
008 260414t2017||||xx |||||||||||||| ||spa||
041 _aESP
082 _a621.381
_bA42
100 _aAliverti, Paolo
_eAUT
245 0 _aElectrónica para makers :
_bguía completa
260 _c2017
300 _a375 páginas :
_c24 cm.
650 _aTCA
654 _aCET
942 _cLIB
_dJUS
_fJUS
_2ddc
_n
999 _c22398
_d22398